| 000 -LEADER | |
|---|---|
| fixed length control field | 00412nam a22001697a 4500 |
| 005 - DATE AND TIME OF LATEST TRANSACTION | |
| control field | 20160429120836.0 |
| 008 - FIXED-LENGTH DATA ELEMENTS--GENERAL INFORMATION | |
| fixed length control field | 160429b xxu||||| |||| 00| 0 eng d |
| 020 ## - INTERNATIONAL STANDARD BOOK NUMBER | |
| ISBN | 0-07-460482-1 |
| 041 ## - LANGUAGE CODE | |
| Language code of text/sound track or separate title | eng |
| 082 ## - DEWEY DECIMAL CLASSIFICATION NUMBER | |
| Item number | 00826 |
| 100 ## - MAIN ENTRY--AUTHOR NAME | |
| Personal name | Donovan, John J. |
| 245 ## - TITLE STATEMENT | |
| Title | System Programming |
| 260 ## - PUBLICATION, DISTRIBUTION, ETC. (IMPRINT) | |
| Place of publication | New Delhi |
| Name of publisher | TMH Publ.co.Ltd. |
| Year of publication | 2003 |
| 300 ## - PHYSICAL DESCRIPTION | |
| Number of Pages | 488 |
| 650 ## - SUBJECT ADDED ENTRY--TOPICAL TERM | |
| Topical Term | Information Technology |
| 942 ## - ADDED ENTRY ELEMENTS (KOHA) | |
| Koha item type | Books |
| Lost status | Damaged status | Collection code | Home library | Current library | Shelving location | Date acquired | Full call number | Accession Number | Koha item type |
|---|---|---|---|---|---|---|---|---|---|
| CS/IT | JRU Library | JRU Library | SHELF-50-B | 29/04/2016 | 005.268 | 00826 | Books | ||
| JRU Library | 29/04/2016 | 00826 | 00827 | Books | |||||
| CS/IT | JRU Library | JRU Library | SHELF-52-J | 29/04/2016 | 005.4 | 00828 | Books |